البيئة في الإسلام / (رقم التسجيلة. 32220)

تفاصيل مارك
000 -الفاتح
حقل البيانات ثابتة الطول 00646nam a2200193 a 4500
003 - محدد رقم الضبط
رقم الضبط OSt
005 - وقت وتاريخ اخر تعامل مع التسجيلة
رقم الضبط 20150408114153.0
008 - عناصر البيانات ثابتة الطول - معلومات عامة
حقل البيانات ثابتة الطول 130303s2009 jo a |bb 00| 0aarad
040 ## - مصدر الفهرسة
وكالة الفهرسة الأصلية MA_UN
082 04 - رقم تصنيف ديوى العشرى
رقم الطبعة 21
رقم التصنيف 214.577
رقم المادة م ي ب
100 1# - المدخل الرئيسى - إسم شخصى
الإسم الشخصى مزيد، يونس إبراهيم أحمد
9 (RLIN) 22071
245 12 - بيان العنوان
العنوان البيئة في الإسلام /
بيان المسئوليه,etc يونس إبراهيم أحمد مزيد.
250 ## - بيان الطبعة
بيان الطبعة ط. 1.
260 ## - PUBLICATION, DISTRIBUTION, ETC. (IMPRINT)
مكان الناشر او الموزع عمان، الأردن :
اسم الناشر او الموزع دار الحامد،
تاريخ النشر أو التوزيع 2009
300 ## - الوصف المادى
التعداد 226 ص. ؛
أبعاد الوعاء 24 سم
504 ## - تبصرة ببليوجرافية
تبصرة ببليوجرافية,الخ ببليوجرافية : ص. 257-275.
650 #7 - المدخل الاضافى بالموضوع-مصطلح موضوعى
مصدر الرأس أو المصطلح aucsh
مصطلح موضوعي أو اسم جغرافي كعنصر مدخل الإسلام والبيئة
9 (RLIN) 13009
942 ## - عناصر المدخل الإضافي( كوها)
مصدر التصنيف او مخطط الترفيف Dewey Decimal Classification
Koha [default] item type كتاب
المقتنيات
حالة الفقد نموذج السعر الفعال حالة تلف ليس للاعارة رقم الطلب تاريخ الاكتساب الموقع الحالي الباركود الفرع الرئيسي Date last seen نوع المادة فى نظام كوها مصدر التصنيف او خطة الترفيف Total Checkouts Total Renewals Date last checked out مُعار
  2013-11-17     214.577 م ي ب 2013-11-17 المكتبة المركزية بالمجمعة (CL) 00119025 المكتبة المركزية بالمجمعة (CL) 2013-11-17 كتاب Dewey Decimal Classification        
  2013-11-17     214.577 م ي ب 2013-11-17 المكتبة المركزية بالمجمعة (CL) 00119026 المكتبة المركزية بالمجمعة (CL) 2013-11-17 كتاب Dewey Decimal Classification        
  2013-11-17     214.577 م ي ب 2013-11-17 المكتبة المركزية بالمجمعة (CL) 00119027 المكتبة المركزية بالمجمعة (CL) 2013-11-17 كتاب Dewey Decimal Classification        
  2013-11-17     214.577 م ي ب 2013-11-17 قسم الاجراءات الفنية (IC) 00119225 قسم الاجراءات الفنية (IC) 2013-11-17 كتاب Dewey Decimal Classification        
  2013-11-17     214.577 م ي ب 2013-11-17 قسم الاجراءات الفنية (IC) 00119226 قسم الاجراءات الفنية (IC) 2021-12-16 كتاب Dewey Decimal Classification 1   2021-12-08  
  2013-11-17     214.577 م ي ب 2013-11-17 مكتبة كلية التربية بالزلفى - طالبات (EZF) 00119221 مكتبة كلية التربية بالزلفى - طالبات (EZF) 2024-11-20 كتاب Dewey Decimal Classification 3 5 2024-11-20 2025-02-18
  2013-11-17     214.577 م ي ب 2013-11-17 مكتبة كلية التربية بالزلفى - طالبات (EZF) 00119222 مكتبة كلية التربية بالزلفى - طالبات (EZF) 2013-11-17 كتاب Dewey Decimal Classification        
  2013-11-17     214.577 م ي ب 2013-11-17 مكتبة كلية العلوم و الدراسات الإنسانية برماح - طلاب (SRM) 00119227 مكتبة كلية العلوم و الدراسات الإنسانية برماح - طلاب (SRM) 2013-11-17 كتاب Dewey Decimal Classification        
  2013-11-17     214.577 م ي ب 2013-11-17 مكتبة كلية العلوم و الدراسات الإنسانية برماح - طلاب (SRM) 00119228 مكتبة كلية العلوم و الدراسات الإنسانية برماح - طلاب (SRM) 2013-11-17 كتاب Dewey Decimal Classification        
  2013-11-17     214.577 م ي ب 2013-11-17 مكتبة مجمع الطالبات بالمجمعة (EMF) 00119223 مكتبة مجمع الطالبات بالمجمعة (EMF) 2013-11-17 كتاب Dewey Decimal Classification        
  2013-11-17     214.577 م ي ب 2013-11-17 مكتبة مجمع الطالبات بالمجمعة (EMF) 00119224 مكتبة مجمع الطالبات بالمجمعة (EMF) 2013-11-17 كتاب Dewey Decimal Classification        
  2013-11-17     214.577 م ي ب 2013-11-17 مكتبة مجمع الكليات بالزلفى - طلاب (SZM) 00119229 مكتبة مجمع الكليات بالزلفى - طلاب (SZM) 2023-06-22 كتاب Dewey Decimal Classification 1   2020-02-18  
  2013-11-17     214.577 م ي ب 2013-11-17 مكتبة مجمع الكليات بالزلفى - طلاب (SZM) 00119230 مكتبة مجمع الكليات بالزلفى - طلاب (SZM) 2013-11-17 كتاب Dewey Decimal Classification